00863cam a2200265 a 450000100100000000500170001000800410002702000150006803500190008304000180010208200190012010000350013924501000017426000410027430000350031549000170035050400330036765000210040065000350042170000290045670000560048574000200054174000170056183000190057800001005720200929161825.0900411s1988 fr a b 000 1 spa  a8400068971 a(DLC) 90143635 aDO-SdBNPcDLC aB863.42bA694r1 aArguedas, Alcides,d1879-1946.10aRaza de bronce :bWuata Wuara /cAlcides Arguedas ; edición crítica Antonio Lorente Medina. aNanterre, France :bALLCA XX,c1988. axxxvi, 572 p. :bil. ;c24 cm.1 aArchivosv11 aBibliografías: p. 567-572. 4aNovela boliviana 4aLiteratura bolivianaySIGLO XX1 aLorente Medina, Antonio.1 aArguedas, Alcides,d1879-1946.tWuata Wuara.f1919.0 aRaza de bronce.0 aWuata Wuara. 0aArchivos ;v11